00711nam a22001937a 450000500170000001000150001702000260003203500130005803700130007108200080008424501110009226000390020327000640024230000310030670000200033794200220035799900170037995201210039620140804110127.0 aENG-110040 a9789383379286c265.00 aEN-93573 bDBAD/PUB a000 aGuide to Indian railways assistant loco pilot recruitment exam 2014 /cedited by Preetima Bajpai...[et al] aNew DelhibDisha Publicationc2014 aB-32, Shivalik Main Road, Maliviya NagarbNew Delhie110017 avarious pagingsb26cm(pbk) abajpai,Preetima 2ddccENmGUIh000 c84376d84376 001040718NFICaDBADbDBADd2014-05-21eDBAD/PUBg265.00l0o000 GUIpEN-93573r2014-05-21 00:00:00t1v265.00yEN